000 01413nab a2200325 cc4500
999 _c80955
_d80955
001 1224915119
003 DE-101
005 20210419141708.0
007 tu
008 210112s2021 gw u||p| ||| 0||||1ger
016 7 _2DE-101
_a1224915119
020 _a9783000662102
035 _a(DE-599)DNB1224915119
040 _a1199
_bger
_cDE-101
_dDE-2950
041 _ager
044 _cXA-DE
082 7 4 _a914.3
_a300
_qDE-101
_223sdnb
245 0 0 _aKursbuch Oder-Spree ...
_n2021
_pVom haben und brauchen
_cHerausgeber: Landkreis Oder-Spree
264 3 1 _aBeeskow
_bLandkreis Oder-Spree, Kultur- und Sportamt
_c2021
300 _eFaltkarte "haben und brauchen"
336 _aText
_btxt
_2rdacontent
337 _aohne Hilfsmittel zu benutzen
_bn
_2rdamedia
338 _aBand
_bnc
_2rdacarrier
505 _aDarin enthalten: Schmidt-Breitung, Dorothee: "Uns gehörte nüscht" - die Geschichte einer Rückkehr. [Karl-Christoph von Stünzner, Guthaus Sieversdorf] , S. 15-21 ; Rada, Uwe: Ein Kind der DDR. [EKO - Eisenhüttenstadt, Karl Döring], S. 46-53 ; Mühle, Johannes: Rücken zur Wand, Gesicht zum Markt. [Pneumant - Fürstenwalde, Matthias Fleischhauer], S. 54-59 ; Nowak, Michel: Groß, größer, Tesla. [Tesla - Grünheide] S. 104-109.
653 _aLandkreis Oder-Spree
653 _aLandwirtschaft
_aIndustrie
773 0 8 _q42021
_w(DE-101)1212524500
942 _2z
_cB